Представление документа в формате RUSMARC

ПолеНазваниеЗначение
  Тип записи a
  Библиографический уровень m
001 Контрольный номер 6b70e95e4ee448b4aa25352f72e21269
005 Дата корректировки 20260409103206.7
010 Индекс ISBN __
a ISBN 978-5-04-166497-8
9 Тираж 1500 экз.
100 Данные общей обработки __
a Данные общей обработки 20260406d2025 e y0rusa028902 ca
101 Язык документа 0_
a Язык текста rus
102 Страна публикации __
a Страна публикации RU
105 Кодированные данные (монография) __
a Кодированные данные (монография) a z 000yy
181 Поле кодированных данных: вид содержания _0
a Код вида содержания (ISBD) i
182 Поле кодированных данных: тип средства _0
a Код типа средства (ISBD) n
200 Заглавие и сведения об ответственности 1_
a Заглавие Осторожно, это мои границы!
e Сведения, относящиеся к заглавию как не давать себя в обиду
f Первые сведения об ответственности Мария Шаталова
203 Вид содержания и тип средства __
a Вид содержания Текст
c Тип средства непосредственный
210 Выходные данные 1_
a Место издания Москва
c Издательство Эксмо
c Издательство Бомбора
d Дата издания 2025
215 Физическое описание __
a Объем 229 с.
d Формат 21 см
225 Серия 1_
a Серия Уже не маленький, еще не взрослый
i Наименование части Психология для подростков простыми словами
225 Серия 1_
a Серия Self-help для подростков
330 Аннотация __
a Аннотация Если близкие или сверстники заставляют тебя делать то, что ты не хочешь: "Дай поносить эту вещь". Вторгаются в личное пространство: "Покажи, с кем ты там общаешься в соцсетях". Значит, пора узнать, что такое личные границы, и научиться их защищать. Мария Шаталова, детский психолог, создала самоучитель по личным границам, благодаря которому ты сможешь отстаивать свою позицию и чувствовать опору, даже в самых непростых ситуациях. Здесь вы узнаете, как: блокировать неприятные комментарии и непрошеные советы, комфортно общаться с родителями и сверстниками, развивать в себе стрессоустойчивость в конфликтных ситуациях, лучше понимать свои желания и не бояться доносить их до собеседника.
333 Примечание о целевом назначении __
a Примечание о целевом назначении 16+. Для детей старше 16 лет
540 Дополнительное заглавие, сделанное каталогизатором 10
a Дополнительное заглавие, сделанное каталогизатором Как не давать себя в обиду
606 Тематические рубрики __
2 Код системы nlr_sh
a Основная рубрика Психология
606 Тематические рубрики __
2 Код системы nlr_sh
a Основная рубрика Социальная психология
610 Ключевые слова 0_
a Ключевые слова детская литература
610 Ключевые слова 0_
a Ключевые слова подростковая литература
610 Ключевые слова 0_
a Ключевые слова психология
610 Ключевые слова 0_
a Ключевые слова психология для подростков
610 Ключевые слова 0_
a Ключевые слова личные границы
610 Ключевые слова 0_
a Ключевые слова личное пространство
610 Ключевые слова 0_
a Ключевые слова саморазвитие
610 Ключевые слова 0_
a Ключевые слова личная безопасность
610 Ключевые слова 0_
a Ключевые слова уверенность в себе
686 Индексы других классификаций __
a Классификационный индекс 88.532; ст88.50
2 Код системы rubbks
700 Автор _1
a Фамилия Шаталова
b Имя М. А.
g Полное личное имя Мария Александровна
4 Код отношения 070
801 Источник записи _0
a Страна RU
b Организация Муниципальное бюджетное учреждение культуры "Централизованная библиотечная система" г. Сургут (Центральная городская библиотека им. А. С. Пушкина)
c Дата составления 20250406
g Правила каталогизации PSBO
801 Источник записи _1
a Страна RU
b Организация Муниципальное бюджетное учреждение культуры "Централизованная библиотечная система" г. Сургут (Центральная городская библиотека им. А. С. Пушкина)
c Дата составления 20250406
g Правила каталогизации PSBO
852 Данные о местонахождении __
i Авторский знак Ш 28
j Шифр хранения 88.532
900 Макрообъекты __
a Макрообъекты Осторожно, это мои границы! Шаталова, М. А. 2025.
901 Тип документа __
a Ответственный КиК/Обаева
t Тип документа m
901 Тип документа __
a Ответственный без партии
903 Характеристики (МАРС) __
a Дата передачи 20260406
c Наименование библиотеки (МАРС) Муниципальное бюджетное учреждение культуры "Централизованная библиотечная система" г. Сургут (Центральная городская библиотека им. А. С. Пушкина)
969 Тип издания __
a Тип издания издание для детей
a Тип издания издание для подростков